Ord kryptering - Norske byer - Statistics

General Stats
  • This quiz has been taken 364 times
  • The average score is 8 of 20
Answer Stats
By % Correct
Ski
91%
Oslo
88%
Moss
84%
Bergen
77%
Hamar
76%
Molde
67%
Bryne
63%
Sarpsborg
60%
Drammen
59%
Lillehammer
51%
Trondheim
48%
Arendal
47%
Mandal
47%
Narvik
47%
Larvik
46%
Skien
46%
Sandnes
44%
Fredrikstad
43%
Hammerfest
42%
Kristiansand
41%
Stavanger
40%
Porsgrunn
39%
Harstad
38%
Halden
35%
Horten
33%
Jessheim
33%
Sandefjord
31%
Malvik
26%
Kongsberg
23%
Steinkjer
23%
Kongsvinger
21%
Levanger
21%
Haugesund
19%
Vennesla
19%
Grimstad
18%
Figgjo
14%
Egersund
13%
Leirvik
13%
Steinkjer
12%
Nesoddtangen
10%
Kopervik
9%
Korsvik
3%
Tromsdalen
0%
No matching quizzes found
Score Distribution
Percent of People with Each Score
Percentile by Number Answered
Your Score History
You have not taken this quiz